00299pab a2200121 454500008004000000100001900040245005200059260000900111300001000120362001200130650002400142773001100166180718b1986 xxu||||| |||| 00| 0 eng d aParashar, R.K. a... and he a potential price control mechanism! c1986 a16-18 a16 Feb. aPrices - Regulation aYojana